banner-ar

PTOLEMAIC AND ROMAN BATH S OF KOMEL AHMAR / (Record no. 11868)

MARC details
000 -الفاتح
حقل البيانات ثابتة الطول 00527nam a2200181Ia 4500
008 - عناصر البيانات ثابتة الطول - معلومات عامة
حقل البيانات ثابتة الطول 140319s9999 xx 000 0 eng d
040 ## - مصدر الفهرسة
وكالة الفهرسة الأصلية GCL /
وكالة النسخ GCL
082 04 - رقم تصنيف ديوى العشرى
رقم التصنيف CC
رقم المادة 932.02
-- E P
100 1# - المدخل الرئيسى - إسم شخصى
الإسم الشخصى ETKHASHAB, ABD EL - MOHSEN
245 10 - بيان العنوان
العنوان PTOLEMAIC AND ROMAN BATH S OF KOMEL AHMAR /
بيان المسئوليه,etc ETKHASHAB, ABD EL - MOHSEN
650 04 - المدخل الاضافى بالموضوع-مصطلح موضوعى
مصطلح موضوعي EGYPT
650 04 - المدخل الاضافى بالموضوع-مصطلح موضوعى
مصطلح موضوعي ANCIENT EGYPT
650 04 - المدخل الاضافى بالموضوع-مصطلح موضوعى
مصطلح موضوعي ARCHAEOLOGY
650 04 - المدخل الاضافى بالموضوع-مصطلح موضوعى
مصطلح موضوعي PTOLEMAIC DYNASTY, 305-30 B.C.
942 ## - عناصر المدخل الإضافي( كوها)
مصدر التصنيف او مخطط الترفيف Dewey Decimal Classification
Koha [default] item type كتاب
260 ## - PUBLICATION, DISTRIBUTION, ETC. (IMPRINT)
-- [S.N] :
-- IMPRIMERIE DE L'INSTITUT FRANCAIS
Holdings
حالة التراجع حالة الفقد حالة تلف ليس للاعارة المكان المؤقت الموقع الحالى تاريخ الاكتساب اجمالي اﻻعارات رقم الطلب الباركود تاريخ اخر مشاهدة تاريخ تفعيل السعر نوع وعاء كوها
        مكتبة القاهرة الكبرى مكتبة القاهرة الكبرى 03/26/2014   CC\932.02\E P 23319 03/26/2014 03/26/2014 كتاب

Powered By

EGPV